Možnosti ochrany spotrebiteľov ako nástroj prevencie nekalej súťaže bakalárska práca

Saved in:
Bibliographic Details
Main Author: Madunický, Jakub
Corporate Author: Fakulta podnikového manažmentu EU. Katedra podnikovohospodárska
Other Authors: Kissová, Jana, 1979-
Format: Book
Language:Slovak
Published: Bratislava 2024
Tags: Add Tag
No Tags, Be the first to tag this record!

MARC

LEADER 00000nbm a2200000 4500
001 0301931
005 20250206092233.9
041 0 |a slo 
044 |a SK 
245 1 0 |a Možnosti ochrany spotrebiteľov ako nástroj prevencie nekalej súťaže  |b bakalárska práca  |c Jakub Madunický ; školiteľ: Jana Kissová 
264 1 |a Bratislava  |c 2024 
300 |a 45 s. 
100 1 |a Madunický, Jakub 
700 1 |a Kissová, Jana, 1979- 
710 2 |a Fakulta podnikového manažmentu EU. Katedra podnikovohospodárska